| 000 | 00434nam a2200169Ia 4500 | ||
|---|---|---|---|
| 008 | 131103s9999 xx 000 0 und d | ||
| 040 | _aLoreto College | ||
| 041 | _aEnglish | ||
| 082 |
_aMIS/HAG _bLCBED/394 |
||
| 100 | _aHaggai, John Edmund | ||
| 245 |
_aHow to over worry ad care _cJohn Edmund Haggai |
||
| 260 |
_aBombay _bzondervan _c1972 |
||
| 300 |
_a63p _c 19 cm |
||
| 650 | _aMis | ||
| 850 | _aLCBED/MIS/HAG | ||
| 942 | _cBK | ||
| 999 |
_c34521 _d85000 |
||